000 00198nam a2200085Ia 4500
008 220204s9999 xx 000 0 und d
082 _a82-3
_bKEE
245 0 _aClue in the ancient disguise
942 _cBK
999 _c37474
_d37474